[Event "19th EUR-ch"]
[Site "Batumi GEO"]
[Date "2018.03.26"]
[Round "9.87"]
[White "Jurcik, Marian"]
[Black "Tutisani, Noe"]
[Result "0-1"]
[WhiteElo "2473"]
[BlackElo "2394"]
[EventDate "2018.03.17"]
[PlyCount "80"]

1.e4 e5 2.Nf3 Nc6 3.Bb5 a6 4.Ba4 Nf6 5.O-O b5 6.Bb3 Bb7 7.Re1 Bc5 8.c3 d6 
9.d4 Bb6 10.a4 O-O 11.Bg5 h6 12.axb5 axb5 13.Rxa8 Bxa8 14.Bh4 exd4 15.cxd4
g5 16.Bg3 g4 17.d5 gxf3 18.dxc6 Bxc6 19.Bh4 Bxe4 20.Bxf6 Qxf6 21.Rxe4 Qxb2
22.Nd2 Bd4 23.Nxf3 Qxf2+ 24.Kh1 Bg7 25.Re2 Qc5 26.Qd5 c6 27.Qd3 Ra8 28.g3 
Qc3 29.Qxc3 Bxc3 30.Re7 d5 31.Rc7 Ra3 32.Bc2 Ra1+ 33.Kg2 Ra2 34.Rxc6 Rxc2+
35.Kh3 b4 36.Nd4 Rf2 37.Nb5 Bg7 38.Nc7 b3 39.Rb6 b2 40.Nxd5 Rf1 0-1

[Event "19th EUR-ch"]
[Site "Batumi GEO"]
[Date "2018.03.26"]
[Round "9.88"]
[White "Gvetadze, Sofio"]
[Black "Firat, Burak"]
[Result "1/2-1/2"]
[WhiteElo "2308"]
[BlackElo "2453"]
[EventDate "2018.03.17"]
[PlyCount "40"]

1.e4 e6 2.d4 d5 3.Nd2 c5 4.Ngf3 cxd4 5.Nxd4 Nf6 6.Bb5+ Bd7 7.exd5 Bxb5 8.
Nxb5 Nxd5 9.O-O a6 10.Nd4 Be7 11.Qf3 Qc7 12.Nf5 Bf6 13.c4 Nb4 14.Qxb7 Qxb7
15.Nd6+ Ke7 16.Nxb7 Rc8 17.Ne4 Rxc4 18.Nxf6 gxf6 19.b3 Rc7 20.Na5 Nc2 
1/2-1/2

[Event "19th EUR-ch"]
[Site "Batumi GEO"]
[Date "2018.03.26"]
[Round "9.89"]
[White "Suleymanli, Aydin"]
[Black "Asadli, Vugar"]
[Result "0-1"]
[WhiteElo "2210"]
[BlackElo "2449"]
[EventDate "2018.03.17"]
[PlyCount "66"]

1.d4 Nf6 2.c4 e6 3.Nc3 Bb4 4.Nf3 b6 5.Bg5 h6 6.Bh4 Bb7 7.Nd2 e5 8.dxe5 
Bxc3 9.bxc3 g5 10.Bg3 Nh5 11.e6 dxe6 12.Be5 Rg8 13.Qa4+ Bc6 14.Qa3 Nd7 15.
Bd4 e5 16.Be3 f5 17.f3 Qf6 18.O-O-O Ng7 19.Bf2 Ne6 20.Nb3 a5 21.Rd2 a4 22.
Na1 O-O-O 23.e3 Ndc5 24.Rxd8+ Rxd8 25.Nc2 g4 26.Be2 gxf3 27.gxf3 e4 28.Nd4
exf3 29.Bf1 Ng5 30.Qb2 Nge4 31.a3 Nb3+ 32.Kd1 Nxf2+ 33.Qxf2 Qd6 0-1

[Event "19th EUR-ch"]
[Site "Batumi GEO"]
[Date "2018.03.26"]
[Round "9.90"]
[White "Jojua, Davit"]
[Black "Aleksanian, Hrant"]
[Result "1-0"]
[WhiteElo "2601"]
[BlackElo "2250"]
[EventDate "2018.03.17"]
[PlyCount "153"]

1.d4 d5 2.Bf4 Nf6 3.e3 c5 4.Nf3 Nc6 5.Nbd2 cxd4 6.exd4 Bf5 7.c3 e6 8.Qb3 
Qc8 9.Nh4 Be4 10.Nxe4 Nxe4 11.Bd3 Bd6 12.Bxd6 Nxd6 13.Nf3 Qc7 14.a4 h6 15.
Qc2 a6 16.Qe2 Rb8 17.O-O O-O 18.h4 Rbe8 19.Rfe1 f5 20.b4 Nb8 21.Rac1 Nd7 
22.a5 Qd8 23.c4 Ne4 24.h5 Ndf6 25.Ne5 dxc4 26.Bxe4 Nxe4 27.Qxc4 Nd6 28.Qc7
f4 29.Ng6 Rf6 30.Red1 Rf7 31.Qxd8 Rxd8 32.d5 e5 33.Nxe5 Rf5 34.Ng6 Rd7 35.
f3 Rxh5 36.Nxf4 Rf5 37.Ne6 Ne8 38.Rc8 Kf7 39.Nc5 Rfxd5 40.Rxd5 Rxd5 41.Rb8
Nd6 42.Rd8 Rd4 43.Nxb7 Ke7 44.Kf2 Rxb4 45.Rxd6 Rxb7 46.Rxa6 Rb2+ 47.Kg3 
Ra2 48.f4 Kf7 49.Kf3 h5 50.Ra8 Ra3+ 51.Ke4 Ra2 52.Ra7+ Kf6 53.Ra6+ Kf7 54.
Kf3 Ra3+ 55.Kf2 g6 56.Ra8 Kg7 57.a6 Kh7 58.Ra7+ Kh6 59.g3 Ra2+ 60.Ke1 Rg2 
61.Ra8 Kg7 62.Rd8 Ra2 63.Rd6 Ra4 64.Kd2 h4 65.gxh4 Rxf4 66.a7 Ra4 67.Rd7+ 
Kh6 68.Kc3 Kh5 69.Kb3 Ra6 70.Rh7+ Kg4 71.Kc4 Ra2 72.Kb5 Ra1 73.Kb6 Rb1+ 
74.Kc7 Ra1 75.Kb8 Rb1+ 76.Rb7 Rf1 77.Rb4+ 1-0

[Event "19th EUR-ch"]
[Site "Batumi GEO"]
[Date "2018.03.26"]
[Round "9.91"]
[White "Moroni, Luca jr"]
[Black "Huber, Martin Christian"]
[Result "1-0"]
[WhiteElo "2559"]
[BlackElo "2372"]
[EventDate "2018.03.17"]
[PlyCount "65"]

1.Nf3 Nf6 2.c4 g6 3.g3 Bg7 4.Bg2 O-O 5.d4 d6 6.Nc3 Nc6 7.O-O e5 8.dxe5 
Nxe5 9.Qb3 c6 10.Bf4 Nh5 11.Be3 Qc7 12.Rfd1 Be6 13.Nxe5 dxe5 14.Qb4 a5 15.
Qc5 Rfc8 16.Na4 Ra6 17.Qd6 Qxd6 18.Rxd6 Bf8 19.Rd2 Nf6 20.Rad1 Ng4 21.Bc5 
Bxc4 22.Bh3 h5 23.f3 Bxa2 24.Bxf8 Rxf8 25.fxg4 hxg4 26.Bxg4 Bb3 27.Nc5 Rb6
28.Nd7 Rb4 29.Rc1 Ra8 30.Bf3 Ra6 31.Nxe5 Rab6 32.Nd7 R6b5 33.Rc5 1-0

[Event "19th EUR-ch"]
[Site "Batumi GEO"]
[Date "2018.03.26"]
[Round "9.92"]
[White "Arabidze, Meri"]
[Black "Ruck, Robert"]
[Result "1/2-1/2"]
[WhiteElo "2369"]
[BlackElo "2529"]
[EventDate "2018.03.17"]
[PlyCount "92"]

1.d4 d5 2.c4 e6 3.Nc3 Bb4 4.cxd5 exd5 5.Bf4 Ne7 6.e3 O-O 7.Bd3 Bf5 8.Bxf5 
Nxf5 9.Ne2 c6 10.O-O Na6 11.Qc2 Qd7 12.a3 Bd6 13.b4 Nc7 14.a4 Rfc8 15.Qb3 
Ne6 16.Bxd6 Nxd6 17.b5 Nc4 18.Ra2 a6 19.bxc6 bxc6 20.Rb1 Qd6 21.Qd1 Rcb8 
22.Raa1 a5 23.Qd3 Rxb1+ 24.Rxb1 Rb8 25.h4 g6 26.Rxb8+ Qxb8 27.e4 Qd8 28.
exd5 cxd5 29.Qf3 Nb6 30.Qg3 Qc7 31.Qxc7 Nxc7 32.Nf4 Kf8 33.Kf1 Ke7 34.Ke2 
Kd6 35.Kd3 Ne6 36.Nfe2 f6 37.g3 h5 38.Ng1 g5 39.Nf3 Ke7 40.Ke3 Kd6 41.Kd3 
Kc6 42.Ke3 Kd7 43.Kd3 Kd6 44.Ke3 Nc8 45.Kd3 Ne7 46.Nd1 Nf5 1/2-1/2

[Event "19th EUR-ch"]
[Site "Batumi GEO"]
[Date "2018.03.26"]
[Round "9.93"]
[White "Kobo, Ori"]
[Black "Torosian, Norayr"]
[Result "1/2-1/2"]
[WhiteElo "2500"]
[BlackElo "2371"]
[EventDate "2018.03.17"]
[PlyCount "117"]

1.Nf3 Nf6 2.g3 g6 3.b3 Bg7 4.Bb2 d6 5.d4 c5 6.Bg2 cxd4 7.Nxd4 d5 8.O-O O-O
9.c4 dxc4 10.Na3 cxb3 11.axb3 Nc6 12.Nxc6 bxc6 13.Nc4 Qxd1 14.Rfxd1 Nd5 
15.Bxg7 Kxg7 16.Rdc1 Be6 17.Na5 Nb4 18.Nxc6 Nxc6 19.Rxc6 Bxb3 20.Rc3 Rab8 
21.Rxa7 Rfd8 22.h4 e5 23.Rc5 Re8 24.Raa5 Kf6 25.Rc6+ Kg7 26.Rcc5 Kf6 27.g4
h6 28.Rc6+ Re6 29.Rc7 Rd6 30.Rcc5 Rb4 31.f3 Re6 32.Kf2 Bc4 33.Ra8 Ba6 34.
Rc7 Rb7 35.Rc2 Rbe7 36.Rb2 Re8 37.Rxe8 Rxe8 38.Rb6+ Re6 39.Rb8 Bc4 40.Rc8 
Ba6 41.Rc7 Rb6 42.Bf1 Rd6 43.g5+ hxg5 44.hxg5+ Kxg5 45.Rxf7 Rd2 46.Ra7 Rd6
47.Bh3 Kf6 48.Bd7 Rb6 49.Ba4 Bb7 50.Bc2 Ba6 51.Be4 Bc4 52.Rc7 Be6 53.Kg3 
Bf5 54.Bd5 Be6 55.Bxe6 Kxe6 56.Kg4 Kf6 57.e4 Rb1 58.Rc6+ Kf7 59.Rc7+ 
1/2-1/2

[Event "19th EUR-ch"]
[Site "Batumi GEO"]
[Date "2018.03.26"]
[Round "9.94"]
[White "Golubov, Saveliy"]
[Black "Davtian, Artur"]
[Result "1-0"]
[WhiteElo "2495"]
[BlackElo "2351"]
[EventDate "2018.03.17"]
[PlyCount "117"]

1.e4 e5 2.Nf3 Nc6 3.Bb5 Nf6 4.O-O Nxe4 5.d4 Nd6 6.dxe5 Nxb5 7.a4 Nbd4 8.
Nxd4 Nxd4 9.Qxd4 d5 10.exd6 Qxd6 11.Qe4+ Qe6 12.Qf3 Qc6 13.Qg3 Be6 14.Nc3 
Bd6 15.Bf4 Bxf4 16.Qxf4 O-O-O 17.Rad1 a6 18.h3 h6 19.Rfe1 Qc5 20.Ne4 Qf5 
21.Qe3 Kb8 22.Rd4 Qe5 23.Red1 Rxd4 24.Rxd4 Bc8 25.f4 Qe7 26.Qc3 Re8 27.a5 
g5 28.Qd2 gxf4 29.Qxf4 f5 30.Nc3 Qc5 31.Kh2 Qxa5 32.Qxh6 Qe5+ 33.Qf4 Qg7 
34.Rd3 b6 35.Rg3 Qf7 36.h4 Bb7 37.Rg5 Rh8 38.Ne2 Be4 39.c3 Qd5 40.h5 Bd3 
41.Ng3 Rf8 42.h6 Qc6 43.Rh5 Rh8 44.Qg5 Qd6 45.Qg7 Qf8 46.Qxf8+ Rxf8 47.Nh1
Kc8 48.Nf2 Be2 49.Rh4 Bb5 50.h7 Rh8 51.Kg3 Kd8 52.Kf4 Ke7 53.Kg5 Kf7 54.
Kh6 Kf6 55.Rf4 Ke5 56.Rf3 Bc6 57.Rg3 Bd5 58.Kg7 f4 59.Rg5+ 1-0

[Event "19th EUR-ch"]
[Site "Batumi GEO"]
[Date "2018.03.26"]
[Round "9.95"]
[White "Kanmazalp, Ogulcan"]
[Black "Baglan, Esat"]
[Result "1-0"]
[WhiteElo "2473"]
[BlackElo "2341"]
[EventDate "2018.03.17"]
[PlyCount "67"]

1.e4 c5 2.Nc3 g6 3.Bc4 Bg7 4.Qf3 e6 5.Nb5 d6 6.Qg3 Ke7 7.d3 a6 8.Nc3 Nc6 
9.f4 Nd4 10.Bb3 Nf6 11.Nf3 Nxf3+ 12.Qxf3 Re8 13.e5 Nd7 14.Ne4 d5 15.Nd6 
Rh8 16.c4 d4 17.Nxb7 Qc7 18.Nd6 Rb8 19.O-O Bb7 20.Nxb7 Rxb7 21.Qh3 f6 22.
exf6+ Nxf6 23.Bd2 Kf7 24.Rae1 Re8 25.Ba4 Re7 26.b3 h5 27.Re2 Ng4 28.Rfe1 
Ne3 29.Qf3 e5 30.Bxe3 dxe3 31.Bc6 exf4 32.Bxb7 Qxb7 33.Qxf4+ Kg8 34.Qg5 
1-0

[Event "19th EUR-ch"]
[Site "Batumi GEO"]
[Date "2018.03.26"]
[Round "9.96"]
[White "Krykun, Yuriy"]
[Black "Miron, Lucian-Costin"]
[Result "1-0"]
[WhiteElo "2340"]
[BlackElo "2471"]
[EventDate "2018.03.17"]
[PlyCount "67"]

1.e4 e5 2.Nf3 Nc6 3.Bb5 a6 4.Ba4 Nf6 5.O-O Be7 6.d3 d6 7.c3 O-O 8.Re1 b5 
9.Bc2 Re8 10.Nbd2 d5 11.h3 dxe4 12.dxe4 Bc5 13.a4 Ba7 14.Nf1 Qxd1 15.Rxd1 
Bb7 16.Be3 Bxe3 17.Nxe3 Ne7 18.Nxe5 Nc8 19.Nd7 Nxe4 20.Nd5 Bxd5 21.Rxd5 c6
22.Re5 Ncd6 23.Re1 Rxe5 24.Nxe5 Nc5 25.Rd1 Ndb7 26.axb5 cxb5 27.b4 Ne6 28.
Rd7 Nbd8 29.Bb3 Kf8 30.Nxf7 Ke8 31.Nxd8 Kxd7 32.Nxe6 Rc8 33.Nc5+ Ke7 34.
Ne4 1-0

[Event "19th EUR-ch"]
[Site "Batumi GEO"]
[Date "2018.03.26"]
[Round "9.97"]
[White "Petriashvili, Nikoloz"]
[Black "Yankelevich, Lev"]
[Result "1/2-1/2"]
[WhiteElo "2329"]
[BlackElo "2437"]
[EventDate "2018.03.17"]
[PlyCount "109"]

1.e4 Nf6 2.e5 Nd5 3.d4 d6 4.exd6 exd6 5.Nf3 Be7 6.Be2 O-O 7.O-O Bg4 8.h3 
Bh5 9.c4 Nb6 10.Nc3 Nc6 11.d5 Bxf3 12.Bxf3 Ne5 13.b3 Bf6 14.Bd2 Bg5 15.Be2
Bxd2 16.Qxd2 Re8 17.f4 Ned7 18.Bd3 a5 19.Rae1 Rxe1 20.Rxe1 Nc5 21.Bb1 Nbd7
22.g4 g6 23.Kg2 Nf6 24.Qd4 Nfd7 25.Kg3 Qf8 26.Nb5 Na6 27.Qd2 b6 28.Qe3 Nf6
29.Qe7 Re8 30.Qxf8+ Kxf8 31.Rxe8+ Kxe8 32.g5 Nh5+ 33.Kg4 Kd8 34.f5 Nc5 35.
Nd4 Nd7 36.Nc6+ Ke8 37.Kf3 Ne5+ 38.Nxe5 dxe5 39.Ke4 Nf4 40.Kxe5 Nxh3 41.d6
Nxg5 42.Kf4 h6 43.fxg6 fxg6 44.Bxg6+ Kd7 45.dxc7 Kxc7 46.a3 Ne6+ 47.Ke5 
Nd8 48.Kd4 Nc6+ 49.Kc3 Ne7 50.Bh5 Nf5 51.b4 Ng3 52.Bf3 axb4+ 53.Kxb4 h5 
54.Bxh5 Nxh5 55.c5 1/2-1/2

[Event "19th EUR-ch"]
[Site "Batumi GEO"]
[Date "2018.03.26"]
[Round "9.98"]
[White "Zavhorodnii, Serhii"]
[Black "Aliev, Ravan"]
[Result "1-0"]
[WhiteElo "2430"]
[BlackElo "2330"]
[EventDate "2018.03.17"]
[PlyCount "80"]

1.c4 e6 2.Nf3 d5 3.e3 Nf6 4.b3 c6 5.Bb2 Nbd7 6.d4 Bd6 7.Bd3 O-O 8.Nbd2 b6 
9.O-O Bb7 10.Qe2 Qe7 11.e4 dxe4 12.Bxe4 Nxe4 13.Nxe4 Bf4 14.Rfe1 f5 15.Nc3
Rae8 16.Rad1 Qf7 17.Ne5 Nxe5 18.dxe5 c5 19.Bc1 Bxc1 20.Rxc1 Qg6 21.f3 Qh6 
22.Rcd1 Re7 23.Rd6 Qh4 24.Qf2 Qh5 25.f4 g5 26.Re3 Kh8 27.Ne2 Rg8 28.fxg5 
Qxg5 29.Nf4 Qh6 30.Rh3 Qg7 31.Qg3 Qxg3 32.Rxg3 Rge8 33.Kf2 Bc8 34.Ke3 Rd7 
35.Rxd7 Bxd7 36.Nh5 Rf8 37.Nf6 Be8 38.Kf4 Bg6 39.Rd3 Rf7 40.h4 h6 1-0

[Event "19th EUR-ch"]
[Site "Batumi GEO"]
[Date "2018.03.26"]
[Round "9.99"]
[White "Zarubitski, Viachaslau"]
[Black "Demianjuk, Alexander"]
[Result "0-1"]
[WhiteElo "2425"]
[BlackElo "2313"]
[EventDate "2018.03.17"]
[PlyCount "82"]

1.e4 e5 2.Nf3 Nc6 3.Bb5 a6 4.Ba4 Nf6 5.O-O Be7 6.Re1 b5 7.Bb3 d6 8.c3 O-O 
9.h3 Nb8 10.d4 Nbd7 11.Nbd2 Bb7 12.Bc2 Re8 13.Nf1 Bf8 14.Ng3 g6 15.a4 c5 
16.d5 c4 17.Bg5 Be7 18.Qd2 Nc5 19.Bh6 Nfd7 20.Nh2 Nxa4 21.Bxa4 bxa4 22.
Rxa4 a5 23.Ng4 Ba6 24.Ra2 Bb5 25.Rf1 Nc5 26.f4 Bd7 27.fxe5 Bxg4 28.Qf2 Rf8
29.exd6 Bxd6 30.Qd4 f6 31.hxg4 Qc7 32.Ne2 Rfe8 33.Qxf6 Nxe4 34.Qh4 Qc5+ 
35.Nd4 Qxd5 36.Bf4 Bxf4 37.Rxf4 g5 38.Qh5 Ng3 39.Rxa5 Nxh5 40.Rxd5 Nxf4 
41.Rxg5+ Ng6 0-1

[Event "19th EUR-ch"]
[Site "Batumi GEO"]
[Date "2018.03.26"]
[Round "9.100"]
[White "Ushenina, Anna"]
[Black "Ahmadzada, Ahmad"]
[Result "1/2-1/2"]
[WhiteElo "2423"]
[BlackElo "2283"]
[EventDate "2018.03.17"]
[PlyCount "161"]

1.Nf3 Nf6 2.c4 c5 3.Nc3 b6 4.e4 d6 5.d4 cxd4 6.Nxd4 Bb7 7.Bd3 e6 8.O-O Be7
9.b3 Nbd7 10.Qe2 O-O 11.Bb2 Rc8 12.Rad1 Re8 13.Bb1 a6 14.f4 Qc7 15.Kh1 Bf8
16.Nf3 Bc6 17.e5 Bxf3 18.Rxf3 dxe5 19.fxe5 Ng4 20.Rh3 f5 21.exf6 Ndxf6 22.
Rf1 h6 23.Rg3 Nxh2 24.Kxh2 Bd6 25.Ne4 Bxg3+ 26.Nxg3 e5 27.Kh1 Rcd8 28.Ne4 
Rf8 29.Nxf6+ Rxf6 30.Re1 Re8 31.Qe4 g6 32.Bd3 Qc5 33.Re3 Ree6 34.Bxe5 Rf5 
35.Qa8+ Rf8 36.Qd5 Re8 37.Rg3 Qxd5 38.cxd5 Rxe5 39.Rxg6+ Kf8 40.Bxa6 Rxd5 
41.Rxb6 Rd2 42.a4 Re3 43.Bb7 Ra2 44.Rb5 h5 45.a5 h4 46.Bc8 Rb2 47.Rh5 
Rexb3 48.Rxh4 Ra3 49.a6 Rba2 50.Rh6 Kg7 51.Rd6 Kh7 52.Kh2 Kg7 53.Bb7 Kh7 
54.Rd7+ Kh6 55.Rd4 Kg7 56.Rg4+ Kf6 57.Rg8 Rxa6 58.Bxa6 Rxa6 59.Kh3 Ra4 60.
Rg4 Ra5 61.Kh4 Rb5 62.Rg8 Ra5 63.g4 Kf7 64.Rc8 Kg7 65.g5 Ra1 66.Rc7+ Kg6 
67.Rc6+ Kg7 68.Rc3 Rh1+ 69.Kg4 Rg1+ 70.Kf4 Rf1+ 71.Rf3 Rxf3+ 72.Kxf3 Kg6 
73.Kf4 Kg7 74.Kf5 Kf7 75.g6+ Kg7 76.Kg5 Kg8 77.Kg4 Kg7 78.Kf5 Kg8 79.Kf6 
Kf8 80.g7+ Kg8 81.Kg6 1/2-1/2

[Event "19th EUR-ch"]
[Site "Batumi GEO"]
[Date "2018.03.26"]
[Round "9.101"]
[White "Drori, Saar"]
[Black "Hakobyan, Hovhannes H."]
[Result "1-0"]
[WhiteElo "2420"]
[BlackElo "2280"]
[EventDate "2018.03.17"]
[PlyCount "41"]

1.e4 e6 2.d4 d5 3.Nc3 Nf6 4.Bg5 dxe4 5.Nxe4 Be7 6.Bxf6 gxf6 7.Nf3 f5 8.Nc3
a6 9.Qe2 b5 10.O-O-O b4 11.Na4 Qd5 12.b3 Bd7 13.Ne5 Bxa4 14.Qh5 Rf8 15.Bc4
Qd6 16.bxa4 Nc6 17.Qf3 Bg5+ 18.Kb1 Nxe5 19.dxe5 Qxe5 20.Qxa8+ Ke7 21.Qc6 
1-0

[Event "19th EUR-ch"]
[Site "Batumi GEO"]
[Date "2018.03.26"]
[Round "9.102"]
[White "Martynov, Roman"]
[Black "Gadimbayli, Abdulla"]
[Result "1-0"]
[WhiteElo "2319"]
[BlackElo "2416"]
[EventDate "2018.03.17"]
[PlyCount "77"]

1.d4 e6 2.Nf3 Nf6 3.c4 b6 4.g3 Bb7 5.Bg2 Be7 6.Nc3 O-O 7.Qc2 d5 8.cxd5 
Nxd5 9.Nxd5 Bxd5 10.O-O Nc6 11.e4 Nb4 12.Qb1 Bc4 13.Rd1 Be2 14.Rd2 Bxf3 
15.Bxf3 Rc8 16.d5 Bg5 17.Rd1 exd5 18.a3 Bxc1 19.Qxc1 Na6 20.exd5 Nc5 21.
Qc2 Qf6 22.Bg2 Qd6 23.b4 Nd7 24.Rac1 g6 25.Qa4 a5 26.bxa5 Ne5 27.axb6 Qxb6
28.Qd4 Qd6 29.Re1 Nd7 30.Qb4 Ra8 31.Rc6 Qxb4 32.axb4 Rad8 33.Rxc7 Nf6 34.
Rd1 Rfe8 35.d6 Kg7 36.d7 Re5 37.Bc6 Kf8 38.b5 Ne4 39.Re1 1-0

[Event "19th EUR-ch"]
[Site "Batumi GEO"]
[Date "2018.03.26"]
[Round "9.103"]
[White "Erenberg, Ariel"]
[Black "Sargsian, Anna M."]
[Result "1/2-1/2"]
[WhiteElo "2415"]
[BlackElo "2188"]
[EventDate "2018.03.17"]
[PlyCount "134"]

1.d4 d5 2.c4 c6 3.Nf3 Nf6 4.e3 e6 5.Nc3 Nbd7 6.Qc2 b6 7.b3 Bb7 8.Be2 dxc4 
9.bxc4 c5 10.O-O cxd4 11.exd4 Bd6 12.Nb5 Be7 13.Be3 O-O 14.a4 a6 15.Nc3 
Rc8 16.Qb3 Qc7 17.Nd2 Rfd8 18.Rfb1 Rb8 19.Qa2 Nf8 20.Rb3 a5 21.Rab1 Bb4 
22.Qb2 Ng6 23.Na2 Bxd2 24.Qxd2 Be4 25.R1b2 Nd7 26.Nc3 Ba8 27.Bg5 Rdc8 28.
Nb5 Qc6 29.Bf3 Qxc4 30.Rc3 Qxa4 31.Bd1 Qa1 32.Ra3 Qxa3 33.Nxa3 h6 34.Be3 
Nf6 35.Rc2 Rd8 36.Bf3 Bxf3 37.gxf3 Nh4 38.Qe2 Rd5 39.Nc4 Rf5 40.f4 Nd5 41.
Qg4 Ng6 42.Nd6 Rf6 43.Ne4 Rf5 44.Ng3 Rf6 45.f5 exf5 46.Nxf5 Rd8 47.h4 h5 
48.Qxh5 b5 49.Rc5 Ngf4 50.Bxf4 Nxf4 51.Qg4 Ne6 52.d5 Rxf5 53.Qxf5 Nxc5 54.
Qe5 a4 55.d6 Ne6 56.Qxb5 Rxd6 57.Qxa4 g6 58.Qb5 Rd4 59.h5 Rg4+ 60.Kf1 gxh5
61.Qxh5 Rg6 62.Qe5 Rg5 63.Qf6 Rg6 64.Qe5 Rg5 65.Qf6 Rg6 66.Qe5 Rg5 67.Qf6 
Rg6 1/2-1/2

[Event "19th EUR-ch"]
[Site "Batumi GEO"]
[Date "2018.03.26"]
[Round "9.104"]
[White "Korchmar, Vasiliy"]
[Black "Oglaza, Oskar"]
[Result "1-0"]
[WhiteElo "2411"]
[BlackElo "2240"]
[EventDate "2018.03.17"]
[PlyCount "159"]

1.Nf3 Nf6 2.c4 c5 3.Nc3 e6 4.d4 cxd4 5.Nxd4 d6 6.g3 a6 7.Bg2 Qc7 8.O-O Be7
9.Be3 O-O 10.Rc1 Ng4 11.Bd2 Bf6 12.Be1 Ne5 13.b3 Nec6 14.e3 Qe7 15.Nxc6 
bxc6 16.Ne4 d5 17.Nxf6+ Qxf6 18.Bc3 Qg6 19.Re1 Ra7 20.e4 dxc4 21.Qd4 Rd7 
22.Qxc4 Bb7 23.e5 Rfd8 24.Ba5 Rc8 25.Rcd1 Qg5 26.Qc5 Qe7 27.Rd6 Rxd6 28.
exd6 Qd7 29.Qa7 g6 30.h4 Rf8 31.Qd4 c5 32.Qxc5 Bxg2 33.Kxg2 Qb7+ 34.Kg1 
Rc8 35.Qg5 Rc2 36.Bc7 Qf3 37.Rf1 f6 38.Qe3 Qxe3 39.fxe3 Nd7 40.Rf2 Rc1+ 
41.Kg2 Re1 42.Rb2 Rxe3 43.a4 Kf7 44.b4 Ke8 45.Ra2 Rb3 46.b5 Nc5 47.Rc2 
axb5 48.Rxc5 bxa4 49.Ra5 a3 50.Ra7 Kd7 51.Bb8+ Kc8 52.d7+ Kd8 53.Bc7+ Kxd7
54.Be5+ Kc6 55.Bxf6 Rb2+ 56.Kh3 Rf2 57.Bd4 Rf3 58.Rxh7 a2 59.Ra7 Rd3 60.
Ba1 Rd2 61.g4 e5 62.Bxe5 Kd5 63.Ra5+ Ke4 64.h5 gxh5 65.gxh5 Rd1 66.Bg7 Rg1
67.h6 Kf4 68.Rxa2 Rg3+ 69.Kh2 Rg5 70.Rf2+ Ke3 71.Rf8 Rg4 72.Kh3 Rg1 73.Kh4
Ke4 74.Kh5 Kd5 75.h7 Rh1+ 76.Kg6 Rg1+ 77.Kf7 Rf1+ 78.Kg8 Rh1 79.Rf6 Rh2 
80.Rh6 1-0

[Event "19th EUR-ch"]
[Site "Batumi GEO"]
[Date "2018.03.26"]
[Round "9.105"]
[White "Tifferet, Shaked"]
[Black "Ozen, Deniz"]
[Result "1/2-1/2"]
[WhiteElo "2274"]
[BlackElo "2407"]
[EventDate "2018.03.17"]
[PlyCount "60"]

1.e4 e6 2.d4 d5 3.Nc3 Nf6 4.Bg5 Bb4 5.e5 h6 6.Bh4 g5 7.Bg3 Ne4 8.Ne2 c5 9.
a3 cxd4 10.axb4 dxc3 11.Nxc3 Nxg3 12.hxg3 Nc6 13.f4 Qb6 14.Qd2 Qxb4 15.
fxg5 Bd7 16.gxh6 O-O-O 17.O-O-O Nxe5 18.Be2 Bc6 19.Qf4 Qxf4+ 20.gxf4 Ng6 
21.Rd4 Ne7 22.g4 f6 23.Rh5 Rdg8 24.Rd1 Be8 25.Rh2 Rg6 26.f5 exf5 27.gxf5 
Rgxh6 28.Rxh6 Rxh6 29.Nxd5 Nxd5 30.Rxd5 Bc6 1/2-1/2

[Event "19th EUR-ch"]
[Site "Batumi GEO"]
[Date "2018.03.26"]
[Round "9.106"]
[White "Soysal, Serkan"]
[Black "Yeritsian, Hayk"]
[Result "1-0"]
[WhiteElo "2406"]
[BlackElo "2149"]
[EventDate "2018.03.17"]
[PlyCount "64"]

1.d4 Nf6 2.c4 g6 3.Nc3 Bg7 4.e4 d6 5.h3 O-O 6.Bg5 c5 7.d5 b5 8.cxb5 a6 9.
a4 Qa5 10.Bd2 e6 11.Ra3 Re8 12.Be2 exd5 13.exd5 Bb7 14.Nf3 axb5 15.axb5 
Qb6 16.O-O Nxd5 17.Nxd5 Bxd5 18.Be3 Rxa3 19.bxa3 Bb7 20.a4 d5 21.Bd2 d4 
22.a5 Qd6 23.Bc4 Nd7 24.Re1 Rxe1+ 25.Qxe1 Nf6 26.a6 Ba8 27.Ng5 Kf8 28.Nxf7
Qd7 29.Ng5 Bd5 30.Ne6+ Kf7 31.Nxc5 Qd6 32.a7 Qxc5 1-0

[Event "19th EUR-ch"]
[Site "Batumi GEO"]
[Date "2018.03.26"]
[Round "9.107"]
[White "Tate, Alan"]
[Black "Tarun, Kanyamarala"]
[Result "1-0"]
[WhiteElo "2399"]
[BlackElo "1920"]
[EventDate "2018.03.17"]
[PlyCount "50"]

1.e4 c6 2.d4 d5 3.exd5 cxd5 4.Bd3 Nc6 5.c3 Qc7 6.Ne2 Bg4 7.O-O e6 8.Qe1 
Bxe2 9.Qxe2 Bd6 10.g3 Nf6 11.Nd2 O-O 12.f4 Rae8 13.Nf3 Nd7 14.Ne5 g6 15.g4
f6 16.Nxd7 Qxd7 17.Kh1 e5 18.fxe5 fxe5 19.Bh6 Rxf1+ 20.Rxf1 exd4 21.Qf3 
Qe6 22.cxd4 Nxd4 23.Qg2 Be7 24.h3 Nc6 25.Bf5 Qd6 1-0

[Event "19th EUR-ch"]
[Site "Batumi GEO"]
[Date "2018.03.26"]
[Round "9.108"]
[White "Bashirli, Nail"]
[Black "Atakishiev, Elmar"]
[Result "1-0"]
[WhiteElo "2384"]
[BlackElo "1999"]
[EventDate "2018.03.17"]
[PlyCount "85"]

1.e4 e6 2.d4 d5 3.Nd2 c5 4.exd5 exd5 5.Ngf3 Nc6 6.Bb5 Bd6 7.dxc5 Bxc5 8.
O-O Ne7 9.Nb3 Bd6 10.Re1 O-O 11.Bd3 Nb4 12.Bg5 Nxd3 13.Qxd3 h6 14.Bh4 g5 
15.Bg3 Bf5 16.Qd2 Bxg3 17.hxg3 Re8 18.Nbd4 Be4 19.Nh2 Qb6 20.c3 Nc6 21.
Nxc6 bxc6 22.Ng4 Kg7 23.a4 a5 24.b4 Re6 25.bxa5 Qc5 26.Kh2 Rxa5 27.f3 Bf5 
28.Rxe6 Bxe6 29.Ne5 f6 30.Nd3 Qd6 31.Qe3 Bf7 32.Qb6 Ra8 33.Qb4 Qc7 34.Re1 
Ra7 35.f4 Qd7 36.Qd4 Ra8 37.Nc5 Qc7 38.Re6 Qd8 39.Rxc6 Rc8 40.Nb7 Qd7 41.
Qxf6+ Kg8 42.Rxc8+ Qxc8 43.Qxf7+ 1-0

[Event "19th EUR-ch"]
[Site "Batumi GEO"]
[Date "2018.03.26"]
[Round "9.109"]
[White "Gokhvat, Peter"]
[Black "Polivanov, Anatoliy"]
[Result "0-1"]
[WhiteElo "2248"]
[BlackElo "2383"]
[EventDate "2018.03.17"]
[PlyCount "72"]

1.e4 Nf6 2.e5 Nd5 3.c4 Nb6 4.c5 Nd5 5.Nc3 e6 6.d4 Nxc3 7.bxc3 b6 8.cxb6 
axb6 9.Bd3 Ba6 10.Be4 Ra7 11.Nh3 d5 12.Bd3 c5 13.O-O Nc6 14.Bg5 Be7 15.f4 
h6 16.Bxe7 Nxe7 17.Nf2 O-O 18.g4 Bxd3 19.Nxd3 c4 20.Nb4 f5 21.exf6 Rxf6 
22.Qe2 Qd6 23.Rae1 Ng6 24.f5 exf5 25.gxf5 Re7 26.Qg4 Rxe1 27.Rxe1 Ne7 28.
Re5 Nxf5 29.Kh1 Ne7 30.Qe2 Rf7 31.h3 Nf5 32.Qg2 Nh4 33.Qxd5 Qg6 34.Re7 
Qb1+ 35.Kh2 Nf3+ 36.Qxf3 Rxf3 0-1

[Event "19th EUR-ch"]
[Site "Batumi GEO"]
[Date "2018.03.26"]
[Round "9.110"]
[White "Qalagashvili, Pridon"]
[Black "Sanal, Vahap"]
[Result "1-0"]
[WhiteElo "2153"]
[BlackElo "2543"]
[EventDate "2018.03.17"]
[PlyCount "73"]

1.d4 Nf6 2.Nf3 e6 3.c4 b6 4.g3 Bb7 5.Bg2 Be7 6.Nc3 Ne4 7.Nxe4 Bxe4 8.O-O 
O-O 9.Bf4 d6 10.Bh3 Bf6 11.Nd2 Bb7 12.Be3 a5 13.Qc2 Nc6 14.Nf3 Nb4 15.Qd2 
Bxf3 16.exf3 d5 17.a3 Nc6 18.f4 Ne7 19.Bg2 Qd7 20.Rac1 Rad8 21.c5 a4 22.
Rfd1 b5 23.Bf1 Rb8 24.Bd3 g6 25.h4 Nc6 26.Bc2 h5 27.Qe2 Kg7 28.Qd2 Rfc8 
29.Kg2 Ra8 30.Rh1 Rcb8 31.g4 hxg4 32.h5 Ne7 33.hxg6 fxg6 34.c6 Qe8 35.f5 
Nxf5 36.Bh6+ Kg8 37.Bf4 1-0

[Event "19th EUR-ch"]
[Site "Batumi GEO"]
[Date "2018.03.26"]
[Round "9.111"]
[White "Demircioglu, Emre"]
[Black "Girya, Olga"]
[Result "0-1"]
[WhiteElo "2285"]
[BlackElo "2482"]
[EventDate "2018.03.17"]
[PlyCount "120"]

1.d4 Nf6 2.c4 e6 3.Nf3 d5 4.g3 Bb4+ 5.Bd2 Be7 6.Bg2 O-O 7.O-O Nbd7 8.Qc2 
c6 9.b3 b6 10.a4 a5 11.cxd5 cxd5 12.Nc3 Ba6 13.Nb5 Rc8 14.Qb2 Ne4 15.Rfc1 
Bxb5 16.axb5 Nd6 17.e3 Nxb5 18.Bf1 Rxc1 19.Qxc1 Nd6 20.b4 axb4 21.Bxb4 Nc4
22.Bxc4 Bxb4 23.Bb5 Nf6 24.Ne5 Qd6 25.Ra7 Ba5 26.Nc6 g6 27.Nxa5 bxa5 28.
Rxa5 Qb4 29.Qa1 Kg7 30.Bf1 Rc8 31.Rb5 Qd2 32.Rb2 Rc2 33.Rxc2 Qxc2 34.Bg2 
h5 35.h4 Ng4 36.Qe1 Qd3 37.Bf3 Nh6 38.Qd1 Qc3 39.e4 dxe4 40.Bxe4 Ng4 41.
Bf3 Nf6 42.d5 e5 43.d6 Qc8 44.Bd5 Qc5 45.d7 Qd6 46.Bb3 Qxd1+ 47.Bxd1 Nxd7 
48.Bc2 Nc5 49.f3 Ne6 50.Kf2 Nd4 51.Be4 Nf5 52.Bd5 Kf6 53.Ba2 Ke7 54.Bb3 
Nd4 55.Bd5 Ne6 56.Bc6 f5 57.Bb5 Kf6 58.Bc6 f4 59.Kg2 Nd4 60.Bd5 Nf5 0-1

[Event "19th EUR-ch"]
[Site "Batumi GEO"]
[Date "2018.03.26"]
[Round "9.112"]
[White "Nuber, Blasius"]
[Black "Vykouk, Jan"]
[Result "0-1"]
[WhiteElo "2284"]
[BlackElo "2445"]
[EventDate "2018.03.17"]
[PlyCount "44"]

1.e4 e6 2.d4 d5 3.Nd2 Be7 4.e5 c5 5.c3 Nc6 6.Ndf3 cxd4 7.cxd4 Bb4+ 8.Bd2 
Qb6 9.Ne2 Nge7 10.Bxb4 Qxb4+ 11.Qd2 Qb6 12.Ng3 Bd7 13.Rc1 Rc8 14.h4 O-O 
15.Rc3 Nb4 16.a3 Na2 17.Rxc8 Rxc8 18.Bd3 Nc1 19.Bc2 Qxb2 20.O-O Qxc2 21.
Qg5 Ng6 22.Nh5 Ne2+ 0-1

[Event "19th EUR-ch"]
[Site "Batumi GEO"]
[Date "2018.03.26"]
[Round "9.113"]
[White "Mazur, Stefan"]
[Black "Sargissian, Sargis"]
[Result "1-0"]
[WhiteElo "2439"]
[BlackElo "2284"]
[EventDate "2018.03.17"]
[PlyCount "57"]

1.e4 e5 2.Nf3 Nc6 3.Bb5 Nf6 4.d3 d6 5.c3 g6 6.O-O Bg7 7.d4 O-O 8.Bxc6 bxc6
9.dxe5 Nxe4 10.Re1 d5 11.Bf4 Bg4 12.Nbd2 Nxd2 13.Bxd2 Rb8 14.b4 Re8 15.Bf4
Qd7 16.h3 Qf5 17.hxg4 Qxf4 18.Qa4 c5 19.Qxa7 cxb4 20.cxb4 Rxb4 21.Qxc7 
Qxg4 22.Qd6 Qc4 23.Rac1 Qb5 24.e6 fxe6 25.Rxe6 Re4 26.Ng5 Re5 27.a4 Qa5 
28.Rxe5 Bxe5 29.Qd7 1-0